00644nam a22002177a 450000500170000000800410001701000140005802000330007203500130010503700130011804000080013108200130013924500330015225000120018526000570019727000590025430000240031350000190033750000470035665000230040319970904051429.3970904m19271929ii a 001 0aeng  aENG-95801 a9788190173186c200.00 (app.) aEN-79334 bDBAD/PUB aDPL a641.5636 aCreative vegetarian cooking  a6th ed. aNew DelhibScience of the Soul Research Centerc2008 b New Delhie110 005a5 Guru Ravi Dass Marg, Pusa Road, a155p. c24 cm.(Pbk) aIncludes index aThe price of the book fixed app. Rs.200.00 aVegetarian cookery